| 000 | 01063nam a22002295a 4500 | ||
|---|---|---|---|
| 003 | OSt | ||
| 005 | 20170403134441.0 | ||
| 008 | 160922s2015 ua frb 000 0 ara d | ||
| 015 | _a2015 / 3868 | ||
| 020 | _a9789770477663 | ||
| 040 |
_aEG-ScBUE _bara _cEG-ScBUE |
||
| 043 | _af-ua--- | ||
| 082 | 0 | 4 |
_a346.620926 _bع ب د _222 |
| 100 | 1 | _aعبد العظيم، عبد الحميد منصور. | |
| 245 | 1 | 2 |
_aالصكوك : _bما لها وما عليها : الأوراق المالية - سوق الأوراق المالية - ماهية الصكوك وخصائصها - أنواع الصكوك - إصدار وتداول الصكوك - مخاطر الصكوك وضماناتها / _cعبد الحميد منصور عبد العظيم. |
| 260 |
_aالقاهرة : _bدار النهضة العربية، _c2015. |
||
| 300 |
_a388 ص. ؛ _c24 سم. |
||
| 504 | _aيشتمل على إرجاعات ببليوجرافية. | ||
| 650 | 7 |
_aالأوراق المالية _2BUEsh _xقوانين وتشريعات _zمصر. |
|
| 653 |
_bLLAAWW _cApril2017 |
||
| 942 | _2ddc | ||
| 999 |
_c24583 _d24555 |
||